000 01177nmm a2200385 a 4500
003 AR-BaBNM
005 20251128205807.0
008 178019s1996 ||||||||||||||000 | spa||
020 _a950-808-102-3
040 _cAR-BaBNM
100 1 _aAchilli, Elena Libia
245 1 0 _aPráctica docente y diversidad sociocultural
_blos desafíos de la igualdad educativa frente a la desigualdad social
260 _aRosario
_bHomo Sapiens Ediciones
_c1996
300 0 _a129 p.
_bgráfs.
500 0 _aNotas y referencias bibliográficas a pie de página
504 _aBibliografía general: p. 33-36
600 1 4 _aGiroux, Henry
650 4 _aDOCENTES
650 4 _aPRACTICA DOCENTE
650 4 _aESCUELAS PUBLICAS
650 4 _aTALLERES [METODO PEDAGOGICO]
650 4 _aESTRATIFICACION SOCIAL
650 4 _aPOLITICA EDUCATIVA
650 4 _aANTROPOLOGIA DE LA EDUCACION
650 4 _aMULTICULTURALISMO
650 4 _aFAMILIA
650 4 _aPOBREZA
650 4 _aCALIDAD DE LA EDUCACION
650 4 _aEDUCACION INTERCULTURAL
650 4 _aDESIGUALDAD SOCIAL
651 4 _aArgentina
653 0 _aDIVERSIDAD SOCIOCULTURAL
942 _cBK
998 _carturo
999 _c12833
_d12833